[Event "Match"]
[Site "www.echecsemail.com"]
[Date "2018.12.20"]
[Round "1"]
[White "Jovaras"]
[Black "Tonino1"]
[WhiteElo "2180"]
[BlackElo "2120"]
[Result "1-0"]
[Round "1"]
1.e4 d6
2.d4 Ng8f6
3.Nb1c3 c6
4.Bc1e3 Qd8c7
5.Qd1d2 Nf6g4
6.Be3f4 e5
7.Bf4g3 g6
8.h3 Ng4h6
9.O-O-O Bf8g7
10.dxe5 dxe5
11.Bf1c4 O-O
12.f4 Kh8
13.Ng1f3 f6
14.fxe5 Nh6g8
15.exf6 Qc7xg3
16.fxg7 Kxg7
17.Qd2d4 Kh6
18.Nf3e5 Ng8f6
19.Ne5f7 Kg7
20.Rh1f1 Nb8d7
21.e5 Nd7xe5
22.Nf7xe5 Bc8f5
23.Rf1xf5 gxf5
24.Ne5d7 Qg3g5
25.Kb1 Ra8d8
26.Qd4e5 Rf8e8
27.Qe5c7 Kh6
28.Nd7xf6 Rd8xd1
29.Nc3xd1 Qg5xf6
30.Qc7f4 Qf6g5
31.Qf4d6 Qg5g6
32.Qd6d7 Re8e5
33.a3 b5
34.Bc4f7 Qg6f6
35.Bf7b3 c5
36.c3 c4
37.Bb3c2 Kh5
38.Qd7xh7 Kg5
39.Qh7xa7 Re5e1
40.Qa7f2 Qf6e5
41.Ka2 Re1e2
42.h4 Kg6
43.Qf2b6 Kh5
44.Kb1 Re2xg2
45.Nd1e3 f4
46.Ne3xg2  { time }
1-0

[Event "Match"]
[Site "www.echecsemail.com"]
[Date "2018.12.20"]
[Round "1"]
[White "Apdash"]
[Black "Add"]
[WhiteElo "2240"]
[BlackElo "2210"]
[Result "1-0"]
[Round "1"]
1.e4 d5
2.e5 e6
3.d4 c5
4.c3 Nb8c6
5.Ng1f3 cxd4
6.cxd4 Bf8e7
7.Nb1c3 a6
8.Bf1d3 Bc8d7
9.O-O g6
10.a3 f5
11.exf6 Be7xf6
12.Rf1e1 Ng8e7
13.Bc1h6 Qd8c7
14.Ra1c1 Rh8g8
15.Bh6g5 Bf6xg5
16.Nf3xg5 Nc6xd4
17.Nc3xd5 { resign }
1-0

[Event "Match"]
[Site "www.echecsemail.com"]
[Date "2018.12.20"]
[Round "1"]
[White "Karlgrocer"]
[Black "Tonino1"]
[WhiteElo "1940"]
[BlackElo "2120"]
[Result "1-0"]
[Round "1"]
1.d4 d6
2.e3 Ng8f6
3.Ng1f3 c6
4.Bf1e2 Qd8c7
5.O-O g6
6.Nb1d2 Bf8g7
7.c4 O-O
8.Nd2b3 e5
9.Bc1d2 Nf6e4
10.Be2d3 Ne4xd2
11.Qd1xd2 f5
12.Bd3e2 e4
13.Nf3e1 Nb8d7
14.Ra1b1 a5
15.g3 a4
16.Nb3c1 c5
17.d5 Nd7e5
18.Ne1g2 Qc7a5
19.Qd2c2 b6
20.a3 Bc8a6
21.Ng2f4 Ba6c8
22.b4 axb3
23.Rb1xb3 Bc8d7
24.Nf4e6 Bd7a4
25.Ne6xf8  { time }
1-0

[Event "Match"]
[Site "www.echecsemail.com"]
[Date "2018.12.20"]
[Round "1"]
[White "Logout"]
[Black "Coraza"]
[WhiteElo "1819"]
[BlackElo "1790"]
[Result "1-0"]
[Round "1"]
1.e4 e5
2.Ng1f3 Nb8c6
3.d4 exd4
4.Nf3xd4 Ng8f6
5.Nd4xc6 bxc6
6.Bf1d3 Bf8c5
7.O-O d6
8.Nb1c3 O-O
9.Bc1d2 Bc8g4
10.Qd1e1 Rf8e8
11.a3 d5
12.e5 Bc5d4
13.Bd2f4 Ra8b8
14.Qe1d2 Nf6d7
15.Ra1b1 Nd7xe5
16.Bd3xh7 Kh8
17.Qd2xd4 g6
18.Bf4xe5 Kxh7
19.Be5xc7 Qd8xc7
20.Qd4xg4 Kg7
21.Rf1e1 Re8h8
22.h3 Rb8f8
23.Re1e3 f5
24.Qg4g5 Rh8h5
25.Re3e7 Rf8f7
26.Re7xc7 Rh5xg5
27.Rc7xf7 Kxf7
28.Rb1e1 d4
29.f4 Rg5h5
30.Nc3e2 c5
31.b4 cxb4
32.axb4 Rh5h8
33.Ne2xd4 Rh8h4
34.Re1f1 g5
35.Nd4xf5 Rh4h5
36.fxg5 Rh5xg5
37.c4 Ke6
38.b5 Ke5
39.c5 Kd5
40.c6 Rg5h5
41.Kh2 Rh5h8
42.g4 Kc5
43.Rf1b1 Rh8c8
44.h4 Rc8e8
45.g5 Re8e2
46.Kg3 Re2e5
47.Kg4 Re5e4
48.Kh5 Re4e5
49.c7 Re5e8
50.Nf5e7 Kd6
51.c8Q Kxe7
52.Rb1e1 { resign }
1-0

[Event "Tourn. n10022"]
[Site "www.echecsemail.com"]
[Date "2018.12.20"]
[Round "1"]
[White "Fantomas"]
[Black "Aiko1603"]
[WhiteElo "2100"]
[BlackElo "2100"]
[Result "1-0"]
[Round "1"]
1.e4 c5
2.Ng1f3 Nb8c6
3.d4 cxd4
4.Nf3xd4 g6
5.c3 Bf8g7
6.Bc1e3 d6
7.Bf1e2 Ng8f6
8.f3 O-O
9.O-O Qd8b6
10.Qd1d2 Nc6xd4
11.Be3xd4 Qb6c7
12.Nb1a3 a6
13.Bd4e3 b5
14.Na3c2 Bc8b7
15.Nc2b4 a5
16.Nb4d3 Nf6d7
17.Nd3f2 Bb7a6
18.Ra1c1 Nd7e5
19.b3 a4
20.f4 Ne5d7
21.Rc1c2 axb3
22.axb3 Nd7c5
23.b4 Nc5a4
24.Be3d4 Ra8c8
25.Rf1c1 Bg7h6
26.Bd4e3 e5
27.Nf2g4 Bh6g7
28.f5 h5
29.Ng4f2 Na4b6
30.Be3h6 Kh7
31.Bh6xg7 Kxg7
32.Be2xh5 Rf8h8
33.Bh5g4 Qc7e7
34.f6 Qe7xf6
35.Bg4xc8 Ba6xc8
36.g3 Nb6c4
37.Qd2e2 Qf6g5
38.Rc1e1 Qg5h6
39.Nf2d1 Qh6h3
40.Nd1e3 Bc8e6
41.Qe2g2 Qh3h6
42.Ne3xc4 Be6xc4
43.Rc2d2 g5
44.Re1a1 Rh8d8
45.Ra1a6 Kf8
46.Qg2f2 { resign }
1-0

[Event "Match"]
[Site "www.echecsemail.com"]
[Date "2018.12.20"]
[Round "1"]
[White "Tonino1"]
[Black "Cathar"]
[WhiteElo "2250"]
[BlackElo "2160"]
[Result "1-0"]
[Round "1"]
1.d4 Ng8f6
2.Ng1f3 e6
3.e3 b6
4.Bf1d3 Bc8b7
5.O-O d5
6.Qd1e2 Bf8d6
7.Nb1d2 Nb8d7
8.c3 Nf6e4
9.Nf3e1 Ne4xd2
10.Bc1xd2 f5
11.f3 Nd7f6
12.Ne1c2 O-O
13.Qe2f2 c5
14.dxc5 bxc5
15.Ra1d1 e5
16.Bd3xf5 Qd8b6
17.b3 a5
18.e4 d4
19.c4 a4
20.Rd1b1 axb3
21.axb3 Ra8a2
22.Rf1c1 g6
23.Bf5e6 Kg7
24.Qf2e1 Nf6h5
25.b4 cxb4
26.Nc2xb4 Nh5f4
27.Nb4d5 Qb6a6
28.Nd5xf4 exf4
29.c5 Bd6e5
30.Be6xa2 { resign }
1-0

[Event "Match"]
[Site "www.echecsemail.com"]
[Date "2018.12.20"]
[Round "1"]
[White "Luzhin"]
[Black "Tonino1"]
[WhiteElo "2510"]
[BlackElo "2140"]
[Result "1-0"]
[Round "1"]
1.e4 d6
2.d4 Ng8f6
3.Bf1d3 c6
4.f4 e5
5.c3 Qd8c7
6.Ng1f3 Nb8d7
7.O-O g6
8.fxe5 dxe5
9.Nb1d2 Bf8g7
10.Nd2c4 Nf6h5
11.g4 Nh5f4
12.Nf3xe5 Nf4xd3
13.Ne5xf7 Nd3xc1
14.Nf7xh8 Bg7xh8
15.e5 Nd7xe5
16.Rf1e1 Bc8xg4
17.Qd1xg4 Nc1d3
18.dxe5 Nd3xe1
19.Ra1xe1 Ke7
20.Qg4f4 Ra8f8
21.Qf4h4 Ke6
22.Re1d1 Bh8xe5
23.Nc4xe5 Qc7b6
24.Rd1d4 Kxe5
25.Qh4e7  { time }
1-0

[Event "Tourn. n10010"]
[Site "www.echecsemail.com"]
[Date "2018.12.20"]
[Round "1"]
[White "Tonino1"]
[Black "Darko10"]
[WhiteElo "2270"]
[BlackElo "2800"]
[Result "0-1"]
[Round "1"]
1.d4 Ng8f6
2.Ng1f3 h6
3.e3 e6
4.Nb1d2 c5
5.Bf1d3 d5
6.c3 Bf8e7
7.O-O O-O
8.Qd1e2 Nb8d7
9.Nf3e5 Qd8c7
10.f4 b6
11.e4 cxd4
12.cxd4 dxe4
13.Nd2xe4 Nf6xe4
14.Qe2xe4 f5
15.Qe4xa8 Nd7xe5
16.fxe5 Bc8b7
17.Qa8xa7 Rf8a8
18.Qa7xa8 Bb7xa8
19.Bc1e3 Qc7d7
20.Rf1d1 Be7g5
21.Kf2 f4
22.Be3d2 Qd7xd4
23.Ke2 Ba8xg2
24.Bd2c1 f3
 { time }
0-1

[Event "Tourn. n10003"]
[Site "www.echecsemail.com"]
[Date "2018.12.20"]
[Round "1"]
[White "Picifarkinca"]
[Black "Francesco"]
[WhiteElo "1840"]
[BlackElo "1930"]
[Result "0-1"]
[Round "1"]
1.Ng1f3 Ng8f6
2.g3 d5
3.Bf1g2 Bc8g4
4.d3 e6
5.O-O c5
6.Nb1d2 Nb8c6
7.c4 Bf8e7
8.Qd1a4 O-O
9.e3 Qd8c7
10.a3 Rf8d8
11.d4 cxd4
12.Nf3xd4 Nc6xd4
13.exd4 dxc4
14.Qa4xc4 Qc7xc4
15.Nd2xc4 Rd8xd4
16.Nc4e5 Bg4e2
17.Rf1e1 Be2a6
18.Bc1e3 Rd4d8
19.Ra1c1 Nf6d5
20.Be3d4 f6
21.Ne5f3 e5
22.Bd4e3 Nd5xe3
23.Re1xe3 b6
24.Nf3e1 Ra8c8
25.Rc1xc8 Rd8xc8
26.Bg2d5 Kf8
27.Bd5e6 Rc8c1
28.Kg2 Be7c5
{ resign }
0-1

[Event "Match"]
[Site "www.echecsemail.com"]
[Date "2018.12.20"]
[Round "1"]
[White "Conde7"]
[Black "Manolinex"]
[WhiteElo "2820"]
[BlackElo "2890"]
[Result "1/2-1/2"]
[Round "1"]
1.a3 Ng8f6
2.d4 e6
3.c4 d5
4.Ng1f3 dxc4
5.e3 b5
6.a4 b4
7.Bf1xc4 Bc8b7
8.a5 c5
9.a6 Bb7xf3
10.Qd1xf3 Nb8d7
11.O-O Ra8c8
12.Nb1d2 Bf8e7
13.Rf1d1 O-O
14.Bc4d3 cxd4
15.exd4 Nf6d5
16.Nd2b3 Nd7b6
17.Nb3c5 Rf8e8
18.Nc5b7 Qd8d7
19.Qf3h5 Nd5f6
20.Qh5f3 Nb6d5
21.Ra1a5 Re8f8
22.Bc1g5 h6
23.Bg5d2 Qd7c6
24.Nb7c5 Nf6d7
25.Nc5b3 Qc6d6
26.Rd1e1 Nd7f6
27.h4 h5
28.g3 Be7d8
29.Ra5a1 Bd8b6
30.Ra1c1 Rf8d8
31.Bd2g5 Qd6f8
32.Bd3c4 Rd8d7
33.Kg2 Rd7c7
34.Qf3d3 g6
35.Re1e5 Kg7
36.Nb3d2 Nf6h7
37.Rc1e1 Nh7xg5
38.Bc4xd5 Ng5h7
39.Bd5b3 Rc8d8
40.Nd2f3 Rd8d6
41.Qd3b5 Nh7f6
42.Qb5xb4 Qf8d8
43.Re1d1 Nf6g4
44.Re5e4 Ng4f6
45.Re4e2 Rc7d7
46.Bb3a4 Rd7c7
{ draw }
1/2-1/2

[Event "Match"]
[Site "www.echecsemail.com"]
[Date "2018.12.20"]
[Round "1"]
[White "Tbsundar"]
[Black "Tonino1"]
[WhiteElo "1970"]
[BlackElo "2250"]
[Result "0-1"]
[Round "1"]
1.d4 d6
2.Ng1f3 Ng8f6
3.c4 c6
4.e3 Qd8c7
5.Nb1d2 e5
6.Bf1e2 g6
7.O-O Bf8g7
8.b3 O-O
9.Bc1b2 h6
10.dxe5 dxe5
11.Bb2xe5 Qc7e7
12.a3 Nb8d7
13.Be5d4 c5
14.Bd4c3 b6
15.b4 Bc8b7
16.Ra1a2 Ra8d8
17.Qd1a1 Nf6h5
18.Bc3xg7 Nh5xg7
19.Nd2b3 Ng7e6
20.Nf3e5 Nd7xe5
21.Qa1xe5 f6
22.Qe5c3 Rd8d7
23.b5 Rf8d8
24.Ra2d2 Kf7
25.Rf1d1 Ne6g5
26.Rd2xd7 Rd8xd7
27.Rd1xd7 Qe7xd7
28.Qc3d2 Qd7xd2
29.Nb3xd2 f5
30.f3 Ng5e6
31.Kf2 f4
32.e4 Ne6d4
33.Be2d1 Ke6
34.Nd2b3 Ke5
35.a4 Nd4xb3
36.Bd1xb3 Kd4
37.Ke2 Kc3
38.Bb3d1 Kxc4
39.Kd2 Kd4
40.Bd1b3 c4
41.Bb3a2 g5
42.Ba2b1 a6
43.Bb1c2 axb5
44.axb5 Bb7c8
45.g3 Kc5
46.Kc3 Kxb5
47.e5 Bc8e6
48.Bc2e4 Kc5
49.g4 b5
50.Be4f5 b4
51.Kc2 Kd5
52.Bf5e4 Kxe5
53.Kb2 Be6xg4
54.Be4b7 c3
55.Kb3 Bg4f5
56.Bb7a6 Kd4
57.Ba6b7 c2
58.Kb2 b3
59.Bb7c6 Kd3
60.Kc1 Kc3
{ resign }
0-1

[Event "Tourn. n10027"]
[Site "www.echecsemail.com"]
[Date "2018.12.20"]
[Round "1"]
[White "Add"]
[Black "Luban"]
[WhiteElo "2220"]
[BlackElo "2120"]
[Result "1-0"]
[Round "1"]
1.c4 e6
2.e4 d5
3.e5 c5
4.Ng1f3 h6
5.Qd1c2 Ng8e7
6.Nb1c3 a6
7.d4 dxc4
8.dxc5 Ne7g6
9.Nc3e4 Nb8c6
10.Bf1xc4 Nc6d4
11.Nf3xd4 Qd8xd4
12.O-O Ng6xe5
13.Bc4b3 Qd4d3
14.Bb3a4 Ke7
15.Qc2xd3 Ne5xd3
16.Rf1d1 Nd3b4
17.a3 Nb4d5
18.Ne4d6 Kf6
19.Nd6e4 Ke7
20.Ba4b3 Nd5f6
21.Ne4d6 g6
22.Bc1e3 Bf8g7
23.Be3d4 Nf6h5
24.Bd4xg7 Nh5xg7
25.Bb3a4 Rh8d8
26.b4 Kf8
27.h3 Ra8b8
28.Nd6e4 Rd8d5
29.Ne4d6 { resign }
1-0

[Event "Fast Game"]
[Site "www.echecsemail.com"]
[Date "2018.12.20"]
[Round "1"]
[White "Fabos12"]
[Black "Erno"]
[WhiteElo "1720"]
[BlackElo "1809"]
[Result "1-0"]
[Round "1"]
1.d4 Ng8f6
2.Ng1f3 d5
3.g3 c5
4.c3 Nb8c6
5.Bf1g2 cxd4
6.Nf3xd4 e5
7.Nd4f3 Bf8e7
8.O-O O-O
9.Rf1e1 h6
10.h3 Bc8e6
11.a3 Qd8d7
12.b4 e4
13.Nf3d4 Be6xh3
14.a4 Bh3xg2
15.Kxg2 Nc6xd4
16.Qd1xd4 Rf8c8
17.Nb1d2  { time }
1-0

[Event "Match"]
[Site "www.echecsemail.com"]
[Date "2018.12.21"]
[Round "1"]
[White "Iko"]
[Black "Vitor"]
[WhiteElo "1740"]
[BlackElo "1399"]
[Result "0-1"]
[Round "1"]
1.e4 e6
2.e5 d5
3.d4 c5
4.Ng1f3 Qd8b6
5.Qd1d3 Nb8c6
6.Nf3g5 h6
7.Ng5f3 cxd4
8.Bf1e2 Bf8c5
9.a3 Ng8e7
10.b4 Bc5xb4
11.c3 Bb4a5
12.Bc1d2 Qb6b2
13.O-O Qb2xa1
14.cxd4 Qa1b2
15.Bd2xa5 Nc6xa5
16.Nb1d2 Qb2b6
17.Rf1b1 Qb6c7
18.Qd3b5 Bc8d7
19.Qb5xb7 Na5xb7
20.Be2a6 Ra8b8
21.Nd2b3 Nb7a5
22.Nf3d2 Na5xb3
23.Nd2xb3 Bd7a4
24.Nb3d2 Rb8xb1
25.Ba6f1 Rb1d1
26.g3 Rd1xd2
27.h4 Qc7c1
28.Kg2 Ba4c6
29.g4 Rd2xd4
30.Bf1a6 Rd4xg4
31.Kh3 Qc1g1
32.f3 Qg1g3

0-1

[Event "Tourn. n10017"]
[Site "www.echecsemail.com"]
[Date "2018.12.21"]
[Round "1"]
[White "Raicolin"]
[Black "Add"]
[WhiteElo "2459"]
[BlackElo "2210"]
[Result "1-0"]
[Round "1"]
1.c4 e6
2.Ng1f3 d5
3.g3 c6
4.Bf1g2 Ng8f6
5.O-O Nb8d7
6.d4 h6
7.Nb1d2 b6
8.b3 Bf8e7
9.Bc1b2 Bc8b7
10.Qd1c2 c5
11.cxd5 exd5
12.Nf3e5 O-O
13.e3 Nd7xe5
14.dxe5 Nf6h7
15.f4 Qd8d7
16.Ra1d1 f6
17.Nd2c4 fxe5
18.Nc4xe5 Qd7c7
19.Bg2xd5 Bb7xd5
20.Rd1xd5 Nh7f6
21.Rd5d2 Ra8d8
22.Rf1d1 Rd8xd2
23.Rd1xd2 Rf8d8
24.Rd2xd8 Be7xd8
25.Qc2c4 Kh7
26.Qc4d3 Kg8
27.g4 Qc7c8
28.g5 hxg5
29.fxg5 Nf6g4
30.Qd3c4 Kh7
31.g6 { resign }
1-0

[Event "Match"]
[Site "www.echecsemail.com"]
[Date "2018.12.21"]
[Round "1"]
[White "Piriot"]
[Black "Tonino1"]
[WhiteElo "2330"]
[BlackElo "2150"]
[Result "1/2-1/2"]
[Round "1"]
1.Ng1f3 d6
2.d4 Ng8f6
3.Nb1c3 c6
4.e4 Qd8c7
5.e5 dxe5
6.Nf3xe5 g6
7.Bc1f4 Qc7d8
8.Bf1c4 e6
9.O-O Bf8g7
10.Qd1d2 h6
11.Ra1d1 g5
12.Bf4g3 Nb8d7
13.f4 Nf6h5
14.Nc3e4 Nd7xe5
15.fxe5 O-O
16.Ne4d6 Nh5xg3
17.hxg3 b5
18.Bc4e2 f6
19.Nd6xc8 Ra8xc8
20.exf6 Bg7xf6
21.c3 Qd8b6
22.Be2g4 c5
23.d5 c4
24.Kh2 Rc8d8
25.Bg4xe6 Kg7
26.Qd2e2 Qb6d6
27.Qe2h5 Qd6e7
28.Be6f5 Qe7e8
29.Qh5xe8 { draw }
1/2-1/2

[Event "Tourn. n10027"]
[Site "www.echecsemail.com"]
[Date "2018.12.21"]
[Round "1"]
[White "Add"]
[Black "Fantomas"]
[WhiteElo "2220"]
[BlackElo "2150"]
[Result "0-1"]
[Round "1"]
1.e4 c6
2.d4 d5
3.e5 Bc8f5
4.Bf1d3 Bf5xd3
5.Qd1xd3 e6
6.a3 Nb8d7
7.Ng1f3 Ng8e7
8.Nf3h4 Qd8c7
9.O-O O-O-O
10.b4 Ne7g6
11.Nh4f3 Bf8e7
12.Nf3g5 Rd8f8
13.f4 Ng6h4
14.Ng5xh7 Rf8g8
15.Nh7g5 Be7xg5
16.fxg5 f6
17.Bc1f4 Qc7d8
18.g3 fxg5
19.Bf4e3 Nh4f5
20.Be3f2 Rh8h6
21.Kg2 Rg8h8
22.Rf1h1 g4
23.Nb1d2 Nd7b6
24.a4 Kd7
25.a5 Nb6c8
26.b5 Nc8e7
27.Nd2b3 Qd8c8
28.Nb3c5 Ke8
29.Ra1b1 b6
30.axb6 axb6
31.Nc5a4 Kf7
32.Na4xb6 Qc8c7
33.bxc6 Qc7xc6
34.Bf2e1 Rh8b8
35.Be1a5 Rh6h8
36.c3 Ne7c8
37.Nb6xc8 Qc6xc8
38.Ba5b4 Qc8d8
39.Rh1f1 Qd8g5
40.Rb1b2 Kg8
41.Rb2e2 Rh8h3
42.Rf1h1 Qg5h6
43.Re2e1 Qh6g6
44.Qd3d2 Kh7
45.Re1a1 Rh3h6
46.Ra1a6 Rb8b7
47.Rh1a1 Qg6h5
48.Ra1h1 Qh5h3
49.Kf2 Nf5xg3
{ resign }
0-1

[Event "Match"]
[Site "www.echecsemail.com"]
[Date "2018.12.21"]
[Round "1"]
[White "Tbsundar"]
[Black "Karlgrocer"]
[WhiteElo "1979"]
[BlackElo "1940"]
[Result "1-0"]
[Round "1"]
1.d4 d5
2.Ng1f3 e6
3.c4 dxc4
4.e3 Bf8b4
5.Bc1d2 Bb4xd2
6.Nb1xd2 Ng8f6
7.Bf1xc4 O-O
8.O-O Bc8d7
9.a3 a6
10.Ra1c1 Bd7c6
11.b4 Bc6xf3
12.Qd1xf3 c6
13.Rf1d1 Qd8e7
14.Nd2b3 Nb8d7
15.Nb3a5 Ra8b8
16.Bc4d3 Nd7b6
17.Rc1c5 h6
18.Bd3c2 Nb6d5
19.e4 Nd5c7
20.e5 Nf6d5
21.Qf3e4 g6
22.Qe4g4 Kg7
23.Rd1d3 h5
24.Qg4g3 Nc7b5
25.Na5c4 Rf8h8
26.h4 Rh8f8
27.Rc5xb5 axb5
28.Nc4d6 f5
29.exf6 Nd5xf6
30.Rd3e3 Nf6g4
31.Re3f3 Rb8d8
32.Rf3xf8 Qe7xf8
33.Nd6e4 Rd8d7
34.f3 Ng4e3
35.Bc2b3 Qf8e7
36.Qg3e5 Kh7
37.Ne4g5 { resign }
1-0

[Event "Tourn. n9984"]
[Site "www.echecsemail.com"]
[Date "2018.12.21"]
[Round "1"]
[White "Apdash"]
[Black "Fabos12"]
[WhiteElo "2260"]
[BlackElo "2020"]
[Result "1-0"]
[Round "1"]
1.d4 e6
2.e4 Nb8c6
3.c4 d5
4.exd5 exd5
5.Nb1c3 Ng8f6
6.Bc1g5 Bf8b4
7.a3 Bb4xc3
8.bxc3 O-O
9.Ng1f3 Rf8e8
10.Bf1e2 Bc8f5
11.O-O h6
12.Bg5h4 Qd8d6
13.cxd5 Nf6xd5
14.Qd1d2 Re8e6
15.Bh4g3 Qd6d7
16.c4 Nd5b6
17.d5 Re6xe2
18.Qd2xe2 Nc6a5
19.Ra1c1 Ra8e8
20.Qe2a2 Bf5d3
21.Nf3e5 Re8xe5
22.Bg3xe5 Bd3xc4
23.Rc1xc4 Na5xc4
24.Be5g3 c6
25.dxc6 bxc6
26.h4 Nc4d2
27.Rf1e1 a5
28.Kh1 a4
29.Re1d1 Nb6c4
30.Bg3f4 Qd7g4
31.Rd1xd2 Qg4xh4
32.Bf4h2 Nc4xd2
33.Qa2xd2 Qh4c4
34.Bh2d6 Qc4d5
{ time. }
1-0

[Event "Tourn. n9967"]
[Site "www.echecsemail.com"]
[Date "2018.12.21"]
[Round "1"]
[White "Bojan"]
[Black "Libiesse"]
[WhiteElo "1910"]
[BlackElo "1910"]
[Result "1-0"]
[Round "1"]
1.e4 c5
2.Ng1f3 e6
3.d4 cxd4
4.Nf3xd4 Ng8f6
5.e5 Qd8a5
6.c3 Qa5xe5
7.Bf1e2 d5
8.f3 Nb8c6
9.Nd4b5 a6
10.f4 Qe5b8
11.Nb5d4 Bc8d7
12.Nd4f3 Bf8d6
13.g3 O-O
14.Bc1e3 b5
15.b3 Nc6a5
16.Be2d3 Bd7c6
17.Be3d4 e5
18.fxe5 Rf8e8
19.Qd1e2 Nf6d7
20.O-O Nd7xe5
21.Nf3xe5 Bd6xe5
22.Qe2c2 h6
23.Nb1d2 Be5xg3
24.Nd2f3 Bg3d6
25.Rf1f2 Qb8c7
26.Rf2g2 Bd6f8
27.Qc2d2 g6
28.Qd2f2 Na5b7
29.Ra1f1 Nb7d6
30.Qf2g3 Re8e6
31.Nf3e5 Bf8g7
32.Ne5xf7 Nd6xf7
33.Qg3xc7 { resign }
1-0

[Event "Match"]
[Site "www.echecsemail.com"]
[Date "2018.12.21"]
[Round "1"]
[White "Apdash"]
[Black "Calponas"]
[WhiteElo "2290"]
[BlackElo "2070"]
[Result "1-0"]
[Round "1"]
1.d4 f5
2.Ng1f3 Ng8f6
3.Bc1g5 e6
4.c4 Bf8e7
5.e3 O-O
6.Bf1d3 d6
7.Nb1c3 Nb8d7
8.O-O Ra8b8
9.a4 h6
10.Bg5h4 b6
11.Rf1e1 Bc8b7
12.b4 Nf6e4
13.Bh4xe7 Qd8xe7
14.Bd3xe4 fxe4
15.Nf3d2 d5
16.c5 c6
17.f4 bxc5
18.bxc5 Bb7a6
19.Nd2b3 Ba6c4
20.Nb3a5 Rf8c8
21.Nc3xe4 Rb8b4
22.Qd1d2 Rb4b8
23.Ne4d6 Rc8c7
24.Na5xc4 dxc4
25.Nd6xc4 Nd7f6
26.Nc4d6 Rb8b4
27.Qd2xb4 Nf6d5
28.Qb4b8 Kh7
29.Ra1b1 { resign }
1-0

[Event "Match"]
[Site "www.echecsemail.com"]
[Date "2018.12.21"]
[Round "1"]
[White "Bojan"]
[Black "Mitja"]
[WhiteElo "2030"]
[BlackElo "1940"]
[Result "1-0"]
[Round "1"]
1.e4 d5
2.exd5 Qd8xd5
3.Nb1c3 Qd5d8
4.d4 e6
5.a3 c6
6.Ng1f3 h6
7.Bc1e3 Ng8f6
8.h3 b6
9.Bf1d3 Bc8b7
10.Nc3e4 Nf6xe4
11.Bd3xe4 Nb8a6
12.Nf3e5 Ra8c8
13.Qd1f3 Na6b8
14.Qf3xf7 { resign }
1-0

[Event "Tourn. n9999"]
[Site "www.echecsemail.com"]
[Date "2018.12.21"]
[Round "1"]
[White "Louis"]
[Black "Fabos12"]
[WhiteElo "2060"]
[BlackElo "1970"]
[Result "0-1"]
[Round "1"]
1.Ng1f3 e6
2.g3 Nb8c6
3.Bf1g2 b6
4.O-O Bc8b7
5.e4 Bf8e7
6.c4 Nc6b4
7.d3 d5
8.exd5 exd5
9.a3 Nb4a6
10.Rf1e1 Ng8f6
11.Nb1c3 d4
12.Nf3xd4 Bb7xg2
13.Kxg2 Qd8xd4
14.Qd1a4 Kd8
15.Qa4xa6 Kd7
16.Bc1f4 Nf6g4
17.a4 Qd4xf2
{ resign }
0-1

[Event "Match"]
[Site "www.echecsemail.com"]
[Date "2018.12.21"]
[Round "1"]
[White "Paco"]
[Black "Tonino1"]
[WhiteElo "2000"]
[BlackElo "2120"]
[Result "1-0"]
[Round "1"]
1.e4 d6
2.d4 Ng8f6
3.Nb1c3 c6
4.Bc1d2 Qd8c7
5.Qd1f3 e5
6.dxe5 dxe5
7.Bf1c4 Bf8e7
8.Qf3g3 O-O
9.Bd2h6 Nf6e8
10.O-O-O Kh8
11.Bh6e3 f5
12.exf5 Bc8xf5
13.h4 Ne8f6
14.h5 b5
15.h6 g6
16.Ng1f3 bxc4
17.Nf3xe5 Be7d6
18.Rd1xd6  { time }
1-0

[Event "Fast Game"]
[Site "www.echecsemail.com"]
[Date "2018.12.21"]
[Round "1"]
[White "Apdash"]
[Black "Fabos12"]
[WhiteElo "1840"]
[BlackElo "1720"]
[Result "1-0"]
[Round "1"]
1.d4 e6
2.e4 Nb8c6
3.Ng1f3 b6
4.Bf1b5 Bc8b7
5.O-O Ng8e7
6.c4 d5
7.cxd5 exd5
8.exd5 Qd8xd5
9.Nb1c3 Qd5h5
10.d5 O-O-O
11.Qd1a4 Nc6b8
12.Qa4xa7 Ne7xd5
13.Nc3xd5 Rd8xd5
14.Qa7a4 Rd5xb5
15.Bc1f4 Bb7xf3
16.gxf3 f6
17.Ra1c1 Rb5c5
{ time. }
1-0

[Event "Tourn. n10019"]
[Site "www.echecsemail.com"]
[Date "2018.12.22"]
[Round "1"]
[White "Malbertan"]
[Black "Cemaah"]
[WhiteElo "1950"]
[BlackElo "2099"]
[Result "0-1"]
[Round "1"]
1.e4 c5
2.Ng1f3 d6
3.d4 cxd4
4.Qd1xd4 Nb8c6
5.Bf1b5 Bc8d7
6.Bb5xc6 bxc6
7.O-O Qd8b6
8.Nb1c3 e5
9.Qd4d3 Bf8e7
10.Nc3a4 Qb6c7
11.Bc1e3 Ng8f6
12.Ra1d1 Ra8b8
13.b3 O-O
14.Na4b2 d5
15.Nf3g5 h6
16.f4 hxg5
17.fxg5 Nf6xe4
18.c4 Bd7e6
19.cxd5 cxd5
20.Qd3a6 d4
21.Be3c1 Ne4c3
22.Rd1e1 Rb8b6
23.Qa6a5 Be7d6
24.Nb2c4 Be6xc4
25.bxc4 Rf8e8
26.Bc1d2 Bd6b4
{ resign }
0-1

[Event "Match"]
[Site "www.echecsemail.com"]
[Date "2018.12.22"]
[Round "1"]
[White "Comrade"]
[Black "Jovaras"]
[WhiteElo "2330"]
[BlackElo "2140"]
[Result "1-0"]
[Round "1"]
1.c4 e5
2.Nb1c3 Nb8c6
3.e3 Ng8f6
4.d4 exd4
5.exd4 d6
6.Bf1e2 Bf8e7
7.Ng1f3 O-O
8.O-O Bc8g4
9.Bc1e3 Qd8d7
10.h3 Bg4h5
11.a3 Rf8e8
12.b4 a6
13.Qd1d2 Be7f8
14.Rf1e1 Qd7f5
15.g4 Nf6xg4
16.hxg4 Qf5xg4
17.Kh1 Qg4h3
18.Nf3h2 Re8e6
19.Be2xh5 Qh3xh5
20.Re1g1 Ra8e8
21.Rg1g5 Qh5h4
22.Ra1g1 Re6h6
23.Rg1g2 Rh6h5
24.Rg5xh5 Qh4xh5
25.Nc3d5 Re8e4
26.Nd5f6 { resign }
1-0

[Event "Tourn. n9949"]
[Site "www.echecsemail.com"]
[Date "2018.12.22"]
[Round "1"]
[White "Apdash"]
[Black "Panham"]
[WhiteElo "2160"]
[BlackElo "2170"]
[Result "0-1"]
[Round "1"]
1.e4 c6
2.d4 d5
3.exd5 cxd5
4.c4 Ng8f6
5.Nb1c3 e6
6.Ng1f3 Nb8d7
7.cxd5 Nf6xd5
8.Bf1b5 Bf8d6
9.Nc3xd5 exd5
10.O-O O-O
11.Rf1e1 Nd7f6
12.Bc1g5 Bc8e6
13.Nf3e5 Bd6e7
14.Qd1e2 a6
15.Bb5d3 Nf6d7
16.Qe2h5 g6
17.Bg5xe7 Qd8xe7
18.Qh5h6 Nd7xe5
19.Re1xe5 Qe7b4
20.h4 Qb4xd4
21.Re5e3 Ra8c8
22.h5 Qd4g7
23.Qh6f4 g5
24.Qf4b4 Rc8c7
25.Ra1e1 Rf8c8
26.g4 b5
27.Re3e5 h6
28.Kg2 Qg7f8
29.Qb4d2 Be6xg4
30.Re5xd5 Bg4e6
31.Rd5e5 Qf8d8
32.Qd2e3 Be6xa2
33.Qe3e4 Qd8f6
34.Qe4h7 Kf8
35.Bd3f5 Ba2e6
36.Bf5xe6 fxe6
37.Qh7e4 Rc7c2
38.Qe4b4 Kf7
39.Qb4d4 Rc8c7
40.Qd4b6 Rc2c6
41.Qb6d4 Qf6f4
42.Re5e4 Qf4d6
43.Qd4h8 Qd6f8
44.Qh8h7 Qf8g7
45.Qh7xg7 Kxg7
46.Re4xe6 Kf7
47.Re6xc6 Rc7xc6
48.Re1e2 a5
49.Re2e5 Rc6b6
50.Kg3 Kf6
51.Re5c5 a4
52.f4 gxf4
53.Kxf4 b4
54.Rc5c4 a3
55.bxa3 b3
56.Rc4c1 Rb6a6
57.Rc1a1 Ra6a4
58.Kg3 b2
59.Ra1b1 Ra4xa3
60.Kg4 Ra3b3
61.Kf4 Rb3b4
62.Ke3 Kg5
63.Kf3 Kxh5
64.Kg3 Kg5
65.Kh3 Rb4b3
66.Kg2 Kg4
67.Kh2 h5
68.Rb1g1 Kf4
69.Rg1b1 Kf3
70.Kh3 Ke2
71.Kh4 Kd2
72.Kxh5 Kc2
73.Rb1h1 b1Q
74.Rh1xb1 Rb3xb1
{ resign }
0-1

[Event "Match"]
[Site "www.echecsemail.com"]
[Date "2018.12.22"]
[Round "1"]
[White "Llord"]
[Black "Tbsundar"]
[WhiteElo "1900"]
[BlackElo "1970"]
[Result "0-1"]
[Round "1"]
1.e4 e5
2.Ng1f3 Nb8c6
3.Bf1c4 Ng8f6
4.Nb1c3 a6
5.b3 Bf8b4
6.a3 Bb4xc3
7.dxc3 O-O
8.Bc1g5 d6
9.h3 h6
10.Bg5h4 Nc6e7
11.O-O Ne7g6
12.Bh4g3 Nf6xe4
13.Qd1d3 Bc8f5
14.Qd3e3 Ne4xg3
15.fxg3 Bf5xc2
16.Nf3h2 e4
17.Ra1c1 Bc2d3
18.Bc4xd3 exd3
19.Qe3xd3 Ng6e5
20.Qd3d5 c6
21.Qd5e4 Qd8b6
22.Kh1 Ra8e8
23.Nh2f3 Ne5d7
24.Qe4g4 Nd7f6
25.Qg4d4 c5
26.Qd4a4 Re8e2
27.b4 Nf6e4
28.Kh2 Ne4d2
29.Nf3xd2 Re2xd2
30.bxc5 dxc5
31.Rc1b1 Rd2b2
32.Rb1e1 Qb6g6
33.Re1e8 b5
34.Re8xf8 Kxf8
35.Qa4d1 Kg8
36.Rf1f4 Qg6c2
37.Qd1f1 Qc2e2
38.Rf4xf7 Qe2xg2
39.Qf1xg2 Rb2xg2
40.Kxg2 Kxf7
41.Kf3 Kf6
42.Ke4 Ke6
43.g4 g5
44.Kd3 Ke5
45.Ke3 Kd5
46.Kd3 Ke5
47.c4 Kf4
48.cxb5 axb5
{ resign }
0-1

[Event "Tourn. n10014"]
[Site "www.echecsemail.com"]
[Date "2018.12.22"]
[Round "1"]
[White "Tonino1"]
[Black "Rons"]
[WhiteElo "2320"]
[BlackElo "2650"]
[Result "0-1"]
[Round "1"]
1.d4 Ng8f6
2.Ng1f3 g6
3.e3 Bf8g7
4.Bf1d3 O-O
5.O-O d5
6.Nb1d2 c5
7.c3 Nf6d7
8.Qd1e2 Nb8c6
9.Nf3e1 cxd4
10.exd4 e5
11.dxe5 Nd7xe5
12.Bd3c2 Rf8e8
13.Qe2d1 d4
14.Nd2e4 Qd8b6
15.cxd4 Nc6xd4
16.Bc1e3 Re8d8
17.Be3xd4 Rd8xd4
18.Qd1b1 Bc8g4
19.Kh1 Bg4e2
20.Rf1g1 Rd4xe4
21.Bc2xe4 Ne5g4
22.h3 Ng4xf2
 { time }
0-1

[Event "Tourn. n10013"]
[Site "www.echecsemail.com"]
[Date "2018.12.23"]
[Round "1"]
[White "Apdash"]
[Black "Tartan"]
[WhiteElo "2280"]
[BlackElo "2550"]
[Result "0-1"]
[Round "1"]
1.e4 e6
2.d4 d5
3.e5 c5
4.f4 cxd4
5.Ng1f3 Nb8c6
6.Nf3xd4 Qd8b6
7.c3 Bf8c5
8.Bf1b5 Ng8e7
9.Bb5xc6 Ne7xc6
10.Nd4xc6 bxc6
11.Qd1f3 Bc5g1
12.b4 a5
13.Qf3f1 Bg1e3
14.Bc1xe3 Qb6xe3
15.Qf1e2 Qe3c1
16.Qe2d1 Qc1xf4
17.Qd1e2 Bc8a6
18.Qe2d2 Qf4xe5
19.Kf2 Qe5f5
20.Kg3 O-O
21.Rh1e1 Rf8b8
22.a4 axb4
23.Re1e3 bxc3
24.Qd2xc3 Rb8xb1
25.Ra1xb1 Qf5xb1
26.Qc3xc6 Qb1b7
{ resign }
0-1

[Event "Tourn. n10031"]
[Site "www.echecsemail.com"]
[Date "2018.12.23"]
[Round "1"]
[White "Apdash"]
[Black "Francesco"]
[WhiteElo "2240"]
[BlackElo "1980"]
[Result "1-0"]
[Round "1"]
1.d4 d5
2.Ng1f3 Bc8g4
3.Nb1d2 e6
4.e3 Bf8b4
5.c3 Bb4a5
6.Qd1a4 Nb8c6
7.Nf3e5 Bg4h5
8.Ne5xc6 bxc6
9.Qa4xc6 Kf8
10.Qc6c5 { resign }
1-0